Normal view
MARC view
- Nadiv,Syed Suleman, Molana Shebli Numani
Entry Personal Name
001 - CONTROL NUMBER
- control field: 51786
003 - CONTROL NUMBER IDENTIFIER
- control field: NUST
005 - DATE AND TIME OF LATEST TRANSACTION
- control field: 20210314135055.0
008 - FIXED-LENGTH DATA ELEMENTS
- fixed length control field: 210314|| aca||aabn | a|a d
040 ## - CATALOGING SOURCE
- Original cataloging agency: NUST
- Transcribing agency: NUST
100 ## - HEADING--PERSONAL NAME
- Personal name: Nadiv,Syed Suleman, Molana Shebli Numani
670 ## - SOURCE DATA FOUND
- Source citation: Work cat.: (NUST): Nadiv,Syed Suleman, سیرتہُ النبی ﷺ, 1973
